000 00595nam a22001697a 4500
005 20251108165214.0
008 250721s2000 xx 000 0 ara d
082 1 4 _a370.15/كبي
100 1 _aالكبيسي، وهيب مجيد
245 1 0 _aالمدخل في علم النفس التربوي /
264 1 _aإربد :
_bمؤسسة حمادة للخدمات والدراسات الجامعية دار الكندي،
_c2000.
300 _a192ص
650 1 7 _aعلم النفس التربوي
700 1 _aالداهري، صالح حسني أحمد
942 _2ddc
_cBK
999 _c22082
_d22082